000 00661nam a2200205 a 4500
005 20140310183302.0
008 050704s19uu xx 00 eng d
020 _a013028260-x
050 _aJK 765
_b.D36 2002
100 _aDaley, Dennis M.
245 _aStrategic human resource management:
_bpeople and performance management in the public sector./
_cDennis M. Daley.
260 _aNew Jersey :
_bPrentice Hall,
_c2002.
300 _a390 p. :
_c24 cm.
521 _aBSBA
650 _aCivil service
_xUnited States
_xPersonnel management.
650 _aPersonnel management.
650 _aStrategic planning.
942 _cBK
_2lcc
_kFOR
999 _c21011
_d21011